| 000 | 00793nam a22001577a 4500 | ||
|---|---|---|---|
| 003 | OSt | ||
| 005 | 20151006112445.0 | ||
| 008 | 151006b xxu||||| |||| 00| 0 eng d | ||
| 040 | _cRUA | ||
| 082 | _aAVM SIV 2005 B075 Or.1 | ||
| 100 |
_92141 _aSIV, VANNARA. |
||
| 245 | _aThe study on fattening pigs by using concentrate and khmer noodle waste at sann sary farm ponhea lue district, kandal province (សិក្សាលើការចិញ្ចឺមជ្រូូកសាច់ដោយប្រើប្រាស់ចណីផ្សំនិងកាកនំបញ្ចុកនៅកសិដ្ឋានសាន់សារីស្រុកពញាឮខេត្តកណ្ដាល) | ||
| 260 |
_aPhnom Penh _bRUA _c2005 |
||
| 300 |
_avi, 37p. _bill. _c29cm. |
||
| 942 |
_2ddc _cAVM |
||
| 999 |
_c2012 _d2012 |
||